000 00632nam a2200169 a 4500
001 000035609
005 20200930074454.0
008 111105s2008 bl ac 000 0 spa d
020 _a978853305007
040 _aDO-SdBNP
_bspa
_cBNPHU
082 _axxx
_bA848c
100 1 _aMachado de Assis, Joaquín María
_d1839-1908.
_931773
245 1 0 _a100 anos de uma cartografía inacabada /
_cMachado de Assis.
260 _aRio de Janeiro :
_bMinistério da Cultura,
_c2008.
300 _a64 p. :
_bil. retrs. ;
_c24 cm.
500 _aCatálogo da exposição realizada na Fundação Biblioteca Nacional 23 de setembro a 8 de novembro de 2008
999 _c35100
_d35100